| 000 | 00648nam a22002297a 4500 | ||
|---|---|---|---|
| 005 | 20220326121537.0 | ||
| 008 | 220326b ||||| |||| 00| 0 eng d | ||
| 020 | _a5010005212 | ||
| 040 | _cAL | ||
| 041 | _aEnglish | ||
| 082 |
_223 _a338.954 _bLAVC |
||
| 100 |
_aS Lavrov and others _926164 |
||
| 245 | _aConcepts of Regional Development | ||
| 260 |
_aMoscow _bProgress Publishers _c1988 |
||
| 300 |
_a271 p. _bHB _c22.5x14.5 cm. |
||
| 650 |
_aRegional planning _926165 |
||
| 650 |
_aRegional economics _926166 |
||
| 650 |
_aEconomic development _926167 |
||
| 700 |
_aLAVROV (S) _926168 |
||
| 700 |
_aSDASYUK (G) _926169 |
||
| 942 |
_2ddc _cGF |
||
| 999 |
_c222044 _d222044 |
||